|
|
|
|
| LEADER |
00000nam0a2200000 4500 |
| 001 |
83492 |
| 005 |
20231101213310.0 |
| 035 |
|
|
|a (RuTPU)RU\TPU\book\89766
|
| 090 |
|
|
|a 83492
|
| 100 |
|
|
|a 20051017d1952 km y0rusy50 ca
|
| 101 |
1 |
|
|a rus
|c eng
|
| 102 |
|
|
|a RU
|
| 105 |
|
|
|a a z 001zy
|
| 200 |
1 |
|
|a Кристаллы и рентгеновские лучи
|e пер. с англ.
|f К. Лонсдейл
|
| 210 |
|
|
|a Москва
|c Изд-во иностранной литературы
|d 1952
|
| 215 |
|
|
|a 215 с.
|c ил.
|
| 320 |
|
|
|a Библиогр.: с. 208
|
| 320 |
|
|
|a Предметный указатель: с. 209-213
|
| 606 |
1 |
|
|a Кристаллы
|x Рентгеноструктурный анализ
|2 stltpush
|3 (RuTPU)RU\TPU\subj\80345
|9 88070
|
| 610 |
1 |
|
|a кристаллография
|
| 610 |
1 |
|
|a рентгеновские лучи
|
| 610 |
1 |
|
|a получение
|
| 610 |
1 |
|
|a свойства
|
| 610 |
1 |
|
|a геометрия
|
| 610 |
1 |
|
|a геометрические методы
|
| 610 |
1 |
|
|a структура
|
| 610 |
1 |
|
|a атомы
|
| 610 |
1 |
|
|a расположение
|
| 610 |
1 |
|
|a кристаллические вещества
|
| 610 |
1 |
|
|a рентгеновское излучение
|
| 675 |
|
|
|a 548.73
|v 3
|
| 700 |
|
1 |
|a Лонсдейл
|b К.
|g Кэтлин
|
| 801 |
|
1 |
|a RU
|b 63413507
|c 20051017
|g PSBO
|
| 801 |
|
2 |
|a RU
|b 63413507
|c 20200908
|g PSBO
|
| 942 |
|
|
|c BK
|